|
|
|
|
| LEADER |
00000nam a2200000 a 4500 |
| 001 |
vtls001369318 |
| 003 |
SK-MaSNL |
| 005 |
20260301115307.0 |
| 008 |
240316s1958 xx 0 und |
| 035 |
|
|
|a SNK000323041
|
| 040 |
|
|
|a SNK
|b slo
|c SNK
|e AACR2
|
| 100 |
1 |
|
|a Neumann, Jaromír,
|d 1924-2001
|4 aut
|9 117842
|
| 245 |
1 |
4 |
|a Die neue tschechische Malerei und ihre klassische Tradition
|
| 260 |
|
|
|a Prag
|b Artia
|c 1958
|
| 300 |
|
|
|a 112 s., 73 fareb. obr. reprod.
|
| 999 |
|
|
|c 721615
|d 723545
|
| 952 |
|
|
|t P60, <04>, [BOOK], {604}
|a SNK
|b SNK
|y VYP
|7 0
|p 17A0204006
|o snkIB 9283
|0 0
|1 0
|4 0
|d 1999-08-02
|l 0
|r 2005-01-02 00:00:00
|w 2026-02-23
|